000 00506nam a22001577a 4500
008 210205b ||||| |||| 00| 0 eng d
020 _a 0802822886
050 _aBS2675.3
_b.F43 1987
100 _aFee, Gordon D.
245 _aThe First Epistle to the Corinthians /
_c by Gordon D. Fee.
260 _aGrand Rapids, Mich. :
_bW.B. Eerdmans Pub. Co.,
_c1987
300 _axxiv, 880 p. ;
_c23 cm.
500 _a Includes indexes.
650 _aBible. Corinthians, 1st
_xCommentaries.
942 _2lcc
_cBK
999 _c56008
_d56008